Word Ladder: Memes Quiz Stats

 Plays Quiz Updated Dec 25, 2018

Support Sporcle.
Go Orange.
Score 0/44 Timer 06:00
2 Plays Today
Hint Answer % Correct
Staple food in many Asian countriesRICE
94.9%
To sit in a vehicle in motionRIDE
90.7%
To employ the services ofHIRE
88.6%
Rodent-like mammal similar to a rabbitHARE
88.4%
•• The best course of action if there's a bed intruder in your town ••►• HIDE •◄
86.2%
Without covering; nudeBARE
79.9%
Small, young dogsPUPS
79.7%
Actress ____ Blanchett that played Galadriel in LOTRCATE
78.8%
A company of musiciansBAND
78.1%
Moist; Slightly wetDAMP
77.4%
One of many pieces composing the skeletonBONE
75.9%
Object at times found to contain geniesLAMP
75.7%
The act of breaking up with someoneDUMP
72.8%
Something that ruins or causes death; Batman villain in Dark Knight RisesBANE
72.1%
Crippled; Decidedly uncoolLAME
71.9%
Article of merchandise; A goodWARE
71.8%
Narrow, marked passage defining a routeLANE
70%
What a moderator does to unruly usersBANS
69.5%
The condition of being unable to speakDUMB
69.3%
Minstrel; Professional medieval poetBARD
69.1%
Containers; PursesBAGS
68.8%
Places something in a location or statePUTS
68.1%
Hint Answer % Correct
•• Brohoof inspiring series 'My Little ____' ••►• PONY •◄
67.6%
An enclosure or prison, often of bars or wireCAGE
66.8%
•• Method of travel one simply does not use to get to Mordor ••►• WALK •◄
66.8%
Threadbare, tattered or torn clothingRAGS
66.2%
Interim stage of metamorphosing insectsPUPA
65.3%
•• Crude drawing of angry face exclaiming 'FFFFUUUUUUUU-'; Quitting in extreme frustration ••►• RAGE •◄
64.7%
To fasten, tie up, or secureBIND
64.3%
Lacking physical sensation; Incapable of emotionNUMB
63.2%
•• Source of numerous memes, including long, ceiling, and nyan varieties ••►• CATS •◄
62.9%
Skinny, emaciated; Having prominent cases of previous rungBONY
62.5%
Sampling of opinionsPOLL
61.7%
Penetrates or dividesCUTS
61.2%
Brazilian sports car; CougarPUMA
59.3%
•• All of this commodity of yours are belong to us ••►• BASE •◄
58.4%
To lie exposed to warmth or sunlightBASK
57.8%
•• Nicolas Cage's hair being in this shape renders your argument invalid ••►• BIRD •◄
57.4%
To stop, refuse to proceedBALK
57.1%
Sound made by Chocobos from Final FantasyWARK
56.7%
•• With final rung, a bait-and-switch linking viewers to a 1987 hit video ••►• RICK •◄
56.2%
Common moniker for a pill bugPOLY
55%
•• Man dancing and lip-syncing to a European pop song often referred to as ____ ____ ••►• NUMA •◄
53%
•• With first rung, a bait-and-switch linking viewers to a 1987 hit video ••►• ROLL •◄
51.3%

Today's Daily Dose

From the Vault

First Vowel 'I' Countries

by Flick

Countries as far as the 'I' can see.
Remove Ads.
Support Sporcle.
Get the best of Sporcle when you Go Orange. This ad-free experience offers more features, more stats, and more fun while also helping to support Sporcle. Thank you for becoming a member.

Show Comments

Extras

Top Quizzes Today


Score Distribution

Your Account Isn't Verified!

In order to create a playlist on Sporcle, you need to verify the email address you used during registration. Go to your Sporcle Settings to finish the process.

Report this User

Report this user for behavior that violates our Community Guidelines.

Details: